Institutions and institutional change in china : (Record no. 6642)

MARC details
000 -LEADER
fixed length control field 00594nam a22001937a 4500
003 - CONTROL NUMBER IDENTIFIER
control field OSt
005 - DATE AND TIME OF LATEST TRANSACTION
control field 20200217101959.0
008 - FIXED-LENGTH DATA ELEMENTS--GENERAL INFORMATION
fixed length control field 200217b ||||| |||| 00| 0 eng d
020 ## - INTERNATIONAL STANDARD BOOK NUMBER
International Standard Book Number 0333730801
040 ## - CATALOGING SOURCE
Transcribing agency 040a
082 ## - DEWEY DECIMAL CLASSIFICATION NUMBER
Classification number 300
Item number WAN 1998
100 ## - MAIN ENTRY--PERSONAL NAME
Personal name Wang, Fei-Ling
9 (RLIN) 13666
245 ## - TITLE STATEMENT
Title Institutions and institutional change in china :
Remainder of title premodernity and modernization /
Statement of responsibility, etc. Fei-Ling Wang
260 ## - PUBLICATION, DISTRIBUTION, ETC. (IMPRINT)
Place of publication, distribution, etc. Hampshire
Name of publisher, distributor, etc. Macmillan press
Date of publication, distribution, etc. 1998
300 ## - PHYSICAL DESCRIPTION
Extent xviii, 227p;
Other physical details ill :
Dimensions 11 cm.
504 ## - BIBLIOGRAPHY, ETC. NOTE
Bibliography, etc Includes bibliographical references and index
650 ## - SUBJECT ADDED ENTRY--TOPICAL TERM
Source of heading or term Instituitons
942 ## - ADDED ENTRY ELEMENTS (KOHA)
Source of classification or shelving scheme Dewey Decimal Classification
Koha item type Open Shelf
Holdings
Withdrawn status Lost status Source of classification or shelving scheme Damaged status Not for loan Home library Current library Date acquired Source of acquisition Inventory number Total Checkouts Full call number Barcode Date last seen Price effective from Koha item type
    Dewey Decimal Classification     MUST Main Library MUST Main Library 17/02/2020 Donation 2003/18957   300 WAN 1998 2020-0500 17/02/2020 17/02/2020 Open Shelf
    Dewey Decimal Classification     MUST Main Library MUST Main Library 19/07/2024 Purchase 03/18951   300 WAN 1998 2024-22056 19/07/2024 19/07/2024 Open Shelf